<?xml version="1.0" encoding="UTF-8"?>
<record
    xmlns:xsi="http://www.w3.org/2001/XMLSchema-instance"
    xsi:schemaLocation="http://www.loc.gov/MARC21/slim http://www.loc.gov/standards/marcxml/schema/MARC21slim.xsd"
    xmlns="http://www.loc.gov/MARC21/slim">

  <leader>01691nam a22002897i 4500</leader>
  <datafield tag="999" ind1=" " ind2=" ">
    <subfield code="c">23651</subfield>
    <subfield code="d">23651</subfield>
  </datafield>
  <controlfield tag="003">AR-CdUCM</controlfield>
  <controlfield tag="008">260428b    2022   do||| |||| 00| 0 spa d</controlfield>
  <datafield tag="020" ind1=" " ind2=" ">
    <subfield code="a">978-9972-46-703-5</subfield>
  </datafield>
  <datafield tag="040" ind1=" " ind2=" ">
    <subfield code="a">MUNICIPALIDAD PROVINCIAL DEL CUSCO</subfield>
    <subfield code="c">BIBLIOTECA MUNICIPAL DEL CUSCO</subfield>
  </datafield>
  <datafield tag="082" ind1=" " ind2=" ">
    <subfield code="2">7&#xAA; Ed.</subfield>
    <subfield code="a">618.2</subfield>
    <subfield code="b">P13</subfield>
  </datafield>
  <datafield tag="100" ind1=" " ind2=" ">
    <subfield code="a">Pacheco Romero, Jos&#xE9;</subfield>
  </datafield>
  <datafield tag="245" ind1=" " ind2=" ">
    <subfield code="a">Manual de obstetricia / </subfield>
  </datafield>
  <datafield tag="260" ind1=" " ind2=" ">
    <subfield code="a">Lima, Per&#xFA; : </subfield>
    <subfield code="b">Universidad Nacional Mayor de San Marcos</subfield>
    <subfield code="c">2022</subfield>
  </datafield>
  <datafield tag="300" ind1=" " ind2=" ">
    <subfield code="a">398 p&#xE1;ginas. : </subfield>
    <subfield code="c">17x24 cm.</subfield>
  </datafield>
  <datafield tag="500" ind1=" " ind2=" ">
    <subfield code="z">Bibliograf&#xED;a: p&#xE1;ginas del 25 - 26, 38 - 39</subfield>
  </datafield>
  <datafield tag="505" ind1=" " ind2=" ">
    <subfield code="a">Introducci&#xF3;n a la obstetricia -- Anatom&#xED;a y fisiolog&#xED;a del aparato reproductor femenino -- Fecundaci&#xF3;n, implantaci&#xF3;n y desarrollo embrionario -- Cambios fisiol&#xF3;gicos durante el embarazo -- Control prenatal y evaluaci&#xF3;n materna -- Nutrici&#xF3;n en la gestante -- Diagn&#xF3;stico del embarazo -- Complicaciones del embarazo temprano -- Hemorragias en el embarazo -- Trastornos hipertensivos del embarazo -- Diabetes gestacional -- Infecciones durante el embarazo -- Trabajo de parto: fases y mecanismos -- Atenci&#xF3;n del parto normal -- Parto complicado y distocias -- Ces&#xE1;rea: indicaciones y t&#xE9;cnica -- Puerperio normal y patol&#xF3;gico -- Atenci&#xF3;n del reci&#xE9;n nacido -- Emergencias obst&#xE9;tricas -- Mortalidad materna y perinatal -- Planificaci&#xF3;n familiar y salud reproductiva</subfield>
  </datafield>
  <datafield tag="650" ind1=" " ind2=" ">
    <subfield code="a">Obstetricia</subfield>
    <subfield code="9">29543</subfield>
  </datafield>
  <datafield tag="650" ind1=" " ind2=" ">
    <subfield code="a">Embarazo</subfield>
    <subfield code="9">32421</subfield>
  </datafield>
  <datafield tag="650" ind1=" " ind2=" ">
    <subfield code="a">Parto</subfield>
    <subfield code="9">24974</subfield>
  </datafield>
  <datafield tag="650" ind1=" " ind2=" ">
    <subfield code="a">Complicaciones del embarazo</subfield>
    <subfield code="9">52763</subfield>
  </datafield>
  <datafield tag="650" ind1=" " ind2=" ">
    <subfield code="a">Salud materna</subfield>
    <subfield code="9">24973</subfield>
  </datafield>
  <datafield tag="650" ind1=" " ind2=" ">
    <subfield code="a">Reci&#xE9;n nacido</subfield>
    <subfield code="9">52764</subfield>
  </datafield>
  <datafield tag="856" ind1=" " ind2=" ">
    <subfield code="f">fondoeditorial.unmsm.edu.pe</subfield>
  </datafield>
  <datafield tag="942" ind1=" " ind2=" ">
    <subfield code="2">ddc</subfield>
    <subfield code="c">LIBROS</subfield>
  </datafield>
  <datafield tag="945" ind1=" " ind2=" ">
    <subfield code="a">esh</subfield>
    <subfield code="d">28-04.2026</subfield>
  </datafield>
  <datafield tag="952" ind1=" " ind2=" ">
    <subfield code="0">0</subfield>
    <subfield code="2">ddc</subfield>
    <subfield code="4">0</subfield>
    <subfield code="7">0</subfield>
    <subfield code="a">SC</subfield>
    <subfield code="b">SC</subfield>
    <subfield code="c">CART</subfield>
    <subfield code="d">2026-04-28</subfield>
    <subfield code="e">Donaci&#xF3;n</subfield>
    <subfield code="g">80.00</subfield>
    <subfield code="o">618.2 / P13</subfield>
    <subfield code="p">SC0000002483</subfield>
    <subfield code="r">2026-04-28</subfield>
    <subfield code="y">LIBROS</subfield>
  </datafield>
  <datafield tag="952" ind1=" " ind2=" ">
    <subfield code="0">0</subfield>
    <subfield code="2">ddc</subfield>
    <subfield code="4">0</subfield>
    <subfield code="7">0</subfield>
    <subfield code="a">SC</subfield>
    <subfield code="b">SC</subfield>
    <subfield code="c">CART</subfield>
    <subfield code="d">2026-04-28</subfield>
    <subfield code="e">Donaci&#xF3;n</subfield>
    <subfield code="g">80.00</subfield>
    <subfield code="o">618.2 / P13 / e.2</subfield>
    <subfield code="p">SC0000002484</subfield>
    <subfield code="r">2026-04-28</subfield>
    <subfield code="y">LIBROS</subfield>
  </datafield>
</record>
